Statistiques concernant Mots français d'origine italienne

Cliquez ici pour prendre le quiz!

Statistiques générales

  • Ce quiz a été pris 214 fois
  • Le résultat moyen est 17 sur 40

Statistiques - réponses

DéfinitionsMotsLettres% Correct
Expresso sur lequel on dépose de la mousse de lait, parfois saupoudré de poudre de cacaoCappuccinoC
92%
Photographe qui a pour domaine de prédilection la vie privée des célébritésPaparazziP
78%
Toute organisation criminelle structuréeMafiaM
74%
Sorte de jeu avec des numéros, dont les uns sont sur des sortes de boules, de jetons qu’on tire au sort, les autres sur des tableaux distribués aux joueursLotoL
73%
Baignoire équipée d’un système de pulsion d’air et d’eau sous pressionJacuzziJ
70%
Sandwich rempli de viande, de fromage ou de sauce que l'on réchauffe avant de le mangerPaniniP
70%
Soulier féminin découvert, rigide et à talons hautsEscarpinE
69%
Genre littéraire basé sur un récit de fiction habituellement courtNouvelleN
67%
Petits carrés de pâte, renfermant de la viande hachée et bien assaisonnée, et que l’on cuit dans du bouillonRavioliR
67%
Composition dramatique, mise en musique pour être chantée avec accompagnement d’orchestre et souvent de dansesOpéraO
66%
(Musique) Voix du registre le plus élevéSopranoS
64%
Description détaillée des différentes scènes d’un filmScénarioS
59%
Grosse araignée dont la morsure passait pour produire une grande excitation nerveuseTarentuleT
57%
Celui, celle dont le nom occupe sur l’affiche la place la plus visibleVedetteV
57%
Pâte alimentaire faite de farine très fine, qui est en forme de petits cylindres creuxMacaroniM
54%
Peinture où l’on emploie des pigments détrempés avec de l’eau mêlée de gommeGouacheG
52%
Loterie dans laquelle on gagne un lot en natureTombolaT
50%
Soldat combattant à pied ; soldat d’infanterieFantassinF
46%
Défenseur évoluant librement devant le gardien de butLibéroL
45%
Embrouille ; confusion ; situation embrouilléeImbroglioI
44%
Celui qui dirige une entreprise théâtrale ; personne qui s’occupe de la vie professionnelle d’un artiste ou d’un groupe d’artistesImprésarioI
39%
Petit instrument à vent, en métal ou en terre cuite, de forme ovoïde, qui est muni d’un bec et percé de trousOcarinaO
39%
Femme ou homme au comportement hystérique ou capricieux qui fatigue son entourage par ses exigences répétéesDivaD
38%
Terrasse ou pavillon construit sur le sommet d’un édifice ou sur une quelconque élévation et qui offre une vue dégagée sur les environsBelvedereB
36%
Bateau faisant office de transport public à VeniseVaporettoV
34%
Favoritisme envers un parent, un protégéNépotismeN
27%
Accord dont on fait entendre successivement les notes, au lieu de les frapper toutes à la foisArpègeA
26%
Espèce de martre de l’Europe boréale à poils courts et très fins, très recherchée pour sa fourrure.ZibelineZ
26%
Chose de peu d’importance ou de peu de valeur, bagatelle, pacotilleBabioleB
23%
Écrit périodique contenant les nouvelles politiques, littéraires ou autresGazetteG
23%
Surabondance d’ornements dans le style et d’un excès d’inutile virtuositéFioritureF
21%
Animal fabuleux mi-cheval, mi-aigle ou mi-cheval, mi-griffonHippogriffeH
21%
Celui qui s’occupe d’une chose en amateur par opposition à professionnelDilettanteD
19%
Manœuvre de surprise militaire ou endroit dans lequel on la dresseEmbuscadeE
19%
Art du quinzième siècle italienQuattrocentoQ
14%
Région où la montagne rencontre brutalement la merRivieraR
8%
Tsigane, BohémienZingaroZ
8%
Discours fait à une assemblée, à un prince ou à quelque autre personne élevée en dignitéHarangueH
6%
Guide-accompagnateur touristique qui commentait abondamment son histoire avec faconde.CicéroneC
4%
Apparence que l’on se donne, sentiments que l’on affecteAttitudeA
3%

Distribution des résultats

Percentile par nombre de réponses

% des personnes avec chaque résultat

Votre développement - résultats

Vous n’avez pas pris ce quiz